Gaming Quiz

Random Gaming or Nintendo Quiz

Super Smash Bros. Rainbow Quiz Stats

 Plays Quiz Updated Oct 3, 2019

Score 0/24 Timer 04:00
31 Plays Today
Hint Answer % Correct
Mario
99%
Sonic
94.2%
Luigi
91.3%
Pac-Man
90.7%
Yoshi
90.3%
Pikachu
89.6%
Bowser
89.6%
Link
84.4%
Mega Man
78.9%
Daisy
78.2%
Mewtwo
76.7%
Samus
73%
Hint Answer % Correct
Falco
68.3%
Ice Climbers
64.1%
Meta Knight
63.4%
King K. Rool
59.7%
Little Mac
57.7%
Villager
56.1%
Inkling
54.6%
Olimar
54.2%
Ridley
54%
Isabelle
50.7%
Incineroar
48.7%
Shulk
46.6%

You're not logged in!

Compare scores with friends on all Sporcle quizzes.
OR
Log In

Sporcle TV

Today on Sporcle TV


Watch our educational content, quiz creation guides, and fun videos on Sporcle TV.

Show Comments

Extras

Top Quizzes Today


Score Distribution

Your Account Isn't Verified!

In order to create a playlist on Sporcle, you need to verify the email address you used during registration. Go to your Sporcle Settings to finish the process.

Report this User

Report this user for behavior that violates our Community Guidelines.

Details: